000 01089nam a2200265 i 4500
001 20695
003 ES-MaACL
005 20250809042047.0
007 t|
008 021115s1847 sp ||||1| spa d
080 _a061.22(460.27 M.)
080 _a34:17
110 2 _aAcademia Matritense de Jurisprudencia y Legislación.
_91204
245 1 0 _aActa de la sesión solemne inaugural de la Academia Matritense de Jurisprudencia y Legislación celebrada el día 1º de noviembre del año de 1846 :
_btema: ¿De qué aprovechan las leyes sin buenas costumbres? /
_c[discurso inaugural por Vicente Valor].
260 _aMadrid :
_b[s.n.],
_c1847 (
_fImp. de Eusebio Aguado)
300 _a48 p. ;
_c17 cm.
490 1 _aActas de la Academia Matritense de Jurisprudencia y Legislación
650 7 _aDerecho y moral
_2embne
_911769
700 1 _aValor, Vicente.
_9112979
830 0 _aActas de la Academia Matritense de Jurisprudencia y Legislación.
_9150797
852 4 _aES-MaACL
_jT-4-F-10
852 4 _aES-MaACL
_jT-4-F-7
852 4 _aES-MaACL
_jT-8-F-10
999 _c20695
_d20695